| 000 | 00559cam a2200169 i 4500 | ||
|---|---|---|---|
| 020 | _a9782070142590 | ||
| 040 | _cDLC | ||
| 082 | _a959 HAR 1985 A103 Or. | ||
| 245 | 0 | 0 |
_aAngkor : _bnaissance d'un mythe : Louis Delaporte et le Cambodge / |
| 300 |
_a299 pages : _billustrations (some color) ; _c30 cm |
||
| 500 | _aExhibition held at the Musée Guimet from October 16, 2013-January 13, 2014. | ||
| 650 | 0 | _aArchaeological expeditions | |
| 700 | 1 | _aBaptiste, Pierre. | |
| 700 | 1 | _aZéphir, Thierry. | |
| 710 | 2 | _aMusée Guimet (Paris, France) | |
| 942 | _cEK | ||
| 999 |
_c14475 _d14475 |
||